000 00770nam a2200217 a 4500
001 48557
003 BD-RjUL
005 20211209054538.0
008 160814s1963 bg |||| |||| 00| 0 ben d
035 _a(BD-RjUL)48676
040 _aBD-RjUL
_bben
_cBD-RjUL
041 _aben
082 _a891.442
_bCHD 1963
_223
100 _aচৌধুরী, মুনীর
_9116585
245 1 0 _aড্রাইডেন ও ডি, এল, রায় /
_cমুনীর চৌধুরী
260 _aঢাকা বিশ্ববিদ্যালয় :
_bবাংলা বিভাগ,
_c১৯৬৩
300 _a[৪] ৬২ পৃ. ;
_c২৫ সেমি.
650 7 _aবাংলা নাটক
_92362
650 7 _aBengali Drama
_9116586
942 _2ddc
_cBK
999 _c48557
_d48557